Countries with most Active Businesses Older than 1700 - Statistics

General Stats
  • This quiz has been taken 43 times
  • The average score is 12 of 14
Answer Stats
# Country % Correct
14 China
100%
29 France
100%
33 Italy
100%
7 Spain
100%
43 United Kingdom
100%
186 Germany
98%
532 Japan
95%
7 United States
93%
25 Netherlands
90%
47 Austria
80%
9 Sweden
80%
40 Switzerland
80%
8 Poland
78%
9 Czech Republic
53%
No matching quizzes found
Score Distribution
Percent of People with Each Score
Percentile by Number Answered
Your Score History
You have not taken this quiz